Govt. of
Madhya Pradesh

Normal view MARC view

Entry Personal Name

Number of records used in: 3

001 - CONTROL NUMBER

  • control field: 57851

003 - CONTROL NUMBER IDENTIFIER

  • control field: OSt

005 - DATE AND TIME OF LATEST TRANSACTION

  • control field: 20160518121758.0

008 - FIXED-LENGTH DATA ELEMENTS

  • fixed length control field: 160518|| aca||aabn | a|a d

040 ## - CATALOGING SOURCE

  • Original cataloging agency: OSt
  • Transcribing agency: OSt

100 ## - HEADING--PERSONAL NAME

  • Personal name: विक्रम,नंद किशोर

670 ## - SOURCE DATA FOUND

  • Source citation: Work cat.: (OSt)12333: विक्रम,नंद किशोर, हबीब जालिब शायरी और जीवन , 2006